000
00291nam a22001217a 4500
041
_a
ENG
100
_a
Aggarwal.R.S
245
_a
quantitative Aptitude ( Fully Solved )
260
_a
Delhi
_b
S.Chand
_c
1998
300
_a
582
650
_a
Competitlve Exam
856
_u
Competitlve Exam ( 36 )
999
_c
924
_d
924